[Event "WchT Rapid"]
[Site "London"]
[Date "2025.06.12"]
[Round "7.6"]
[White "Kodukula, Sameera"]
[Black "Morell, Edvin"]
[Result "0-1"]
[WhiteElo "1662"]
[BlackElo "1882"]
[PlyCount "78"]
[EventDate "2025.06.11"]
[EventType "team-swiss"]
[EventRounds "12"]
[EventCountry "ENG"]
[SourceTitle "CB25_2025"]
[SourceDate "2025.06.18"]
[SourceVersion "1"]
[SourceVersionDate "2025.06.18"]
[SourceQuality "1"]
[WhiteTeam "The London Legends"]
[BlackTeam "Uppsala SSS"]
[WhiteTeamCountry "ENG"]
[BlackTeamCountry "SWE"]

1. Nf3 c5 2. e3 Nf6 3. d4 b6 4. Be2 g6 5. b3 Bg7 6. Bb2 0-0 7. 0-0 Bb7 8. Nbd2 Nc6 9. Nc4 d6 10. Re1 Rc8 11. dxc5 bxc5 12. h3 Qc7 13. Ncd2 d5 14. c4 e6 15. Qc2 Nb4 16. Qc1 Qb6 17. Bc3 Ne4 18. Bxg7 Kxg7 19. Nxe4 dxe4 20. Ne5 Qd6 21. Qc3 f6 22. Red1 Qxe5 23. Qxe5 fxe5 24. Bg4 Kf6 25. Rd6 Rc6 26. Rd7 Rf7 27. Rd2 h5 28. Be2 Rcc7 29. a3 Nc6 30. Kf1 Rfd7 31. Rad1 Ke7 32. Ke1 Rxd2 33. Rxd2 Rd7 34. Rc2 Ba6 35. Rc3 Rb7 36. Kd2 Na5 37. Kc2 Rb8 38. Kb2 Kf6 39. Kc2 Kg5 0-1

[Event "WchT Rapid"]
[Site "London"]
[Date "2025.06.12"]
[Round "8.6"]
[White "Nayberg, Simona"]
[Black "Kodukula, Sameera"]
[Result "1-0"]
[WhiteElo "1833"]
[BlackElo "1662"]
[PlyCount "85"]
[EventDate "2025.06.11"]
[EventType "team-swiss"]
[EventRounds "12"]
[EventCountry "ENG"]
[SourceTitle "CB25_2025"]
[SourceDate "2025.06.18"]
[SourceVersion "1"]
[SourceVersionDate "2025.06.18"]
[SourceQuality "1"]
[WhiteTeam "Oxbridge"]
[BlackTeam "The London Legends"]
[WhiteTeamCountry "ENG"]
[BlackTeamCountry "ENG"]

1. e4 e6 2. d4 d5 3. Nc3 dxe4 4. Nxe4 Nd7 5. Qf3 Ngf6 6. c3 Nxe4 7. Qxe4 Nf6 8. Qh4 Be7 9. Nf3 Nd5 10. Qg3 Bf6 11. Bd3 Qd6 12. Ne5 a6 13. Bg5 g6 14. h4 c5 15. Bxf6 Nxf6 16. Qf3 Qe7 17. dxc5 Nd5 18. h5 f6 19. Ng4 f5 20. Ne3 Nxe3 21. Qxe3 g5 22. Qe5 0-0 23. 0-0 Qg7 24. Qe3 Qf7 25. Bc4 Re8 26. Rad1 Qxh5 27. Rfe1 Qg6 28. Rd6 f4 29. Qe5 Kf7 30. Bd3 Qg7 31. Qe4 h6 32. c6 bxc6 33. Qxc6 Rb8 34. Qc7+ Re7 35. Qxb8 Bd7 36. Bc4 Kf6 37. Qb6 Qf7 38. Qxa6 Qg8 39. Qa7 Qf7 40. Qd4+ Kg6 41. Bd3+ Kh5 42. Rd1 e5 43. Be2+ 1-0